000 00315nam a22001337a 4500
008 171031b xxu||||| |||| 00| 0 eng d
020 _a9780256110319
041 _aeng
080 _a33
100 _a58
101 _aBUS
245 _aNEW BUSINESS VENTURES AND THE ENTREPRENEUR
_cSTEVENSON, H.H
942 _2udc
_cBK
999 _c36638
_d36638